Statistics for NBA 2018 Playoffs Starters

Click here to take the quiz!

General Stats

  • This quiz has been taken 3,414 times
    (2,131 since last reset)
  • The average score is 49 of 80

Answer Stats

TeamPlayer% Correct
CavaliersLeBron James
95%
RaptorsKyle Lowry
94%
WarriorsKlay Thompson
93%
WarriorsStephen Curry
93%
RocketsJames Harden
92%
CelticsJayson Tatum
92%
76ersJoel Embiid
92%
ThunderRussell Westbrook
92%
CavaliersTristan Thompson
92%
Trail BlazersDamian Lillard
91%
BucksGiannis Antetokounmpo
91%
RaptorsDeMar DeRozan
89%
WarriorsDraymond Green
89%
WarriorsKevin Durant
89%
SpursDanny Green
88%
CelticsJaylen Brown
88%
76ersBen Simmons
87%
WizardsBradley Beal
87%
CavaliersKevin Love
86%
ThunderPaul George
86%
RocketsChris Paul
85%
WizardsJohn Wall
85%
TimberwolvesKarl-Anthony Towns
85%
JazzRudy Gobert
85%
JazzDonovan Mitchell
84%
TimberwolvesJimmy Butler
84%
BucksKhris Middleton
83%
Trail BlazersC.J. McCollum
82%
PelicansAnthony Davis
81%
CavaliersJ.R. Smith
78%
ThunderSteven Adams
78%
CelticsAl Horford
77%
WarriorsAndre Iguodala
73%
RocketsClint Capela
73%
PelicansJrue Holiday
73%
Trail BlazersJusuf Nurkić
68%
PacersVictor Oladipo
68%
PacersMyles Turner
67%
Trail BlazersEvan Turner
66%
RaptorsJonas Valančiūnas
64%
SpursLaMarcus Aldridge
64%
RocketsP.J. Tucker
64%
TimberwolvesAndrew Wiggins
62%
HeatGoran Dragic
58%
RaptorsSerge Ibaka
57%
BucksEric Bledsoe
55%
ThunderCarmelo Anthony
54%
HeatHassan Whiteside
53%
CavaliersGeorge Hill
51%
JazzJoe Ingles
50%
WizardsMarcin Gortat
50%
JazzRicky Rubio
49%
SpursDejounte Murray
47%
76ersJ.J. Redick
47%
RocketsTrevor Ariza
44%
BucksMalcolm Brogdon
43%
PacersBojan Bogdanovic
42%
CelticsTerry Rozier
41%
PelicansRajon Rondo
40%
76ersRobert Covington
39%
TimberwolvesJeff Teague
37%
WizardsOtto Porter
37%
HeatJames Johnson
35%
HeatTyler Johnson
35%
WizardsMarkieff Morris
34%
RaptorsOG Anunoby
34%
JazzDerrick Favors
31%
SpursPatty Mills
30%
HeatJosh Richardson
28%
CelticsAron Baynes
27%
PacersDarren Collison
25%
PacersThaddeus Young
25%
Trail BlazersAl-Farouq Aminu
24%
76ersDario Šarić
24%
TimberwolvesTaj Gibson
20%
PelicansNikola Mirotic
17%
SpursRudy Gay
17%
PelicansE'Twaun Moore
15%
BucksTyler Zeller
6%
ThunderCorey Brewer
5%

Score Distribution

Percentile by Number Answered

Percent of People with Each Score

Your Score History

You have not taken this quiz since the last reset